Advanced Geography Trivia - Statistics

General Stats
  • This quiz has been taken 67 times
  • The average score is 9 of 15
Answer Stats
Hint Answer % Correct
Which country has the most lakes in the world? Canada
77%
Which country has the longest coastline in Africa? Somalia
74%
What is the smallest country in Central America by area? El Salvador
72%
Which country has the most neighbors in Africa? Democratic Republic of the Congo
70%
What is the capital city of Bhutan? Thimphu
70%
Which river flows through the Grand Canyon? Colorado River
65%
Which island is the most populous in the world? Java
65%
What is the name of the river that flows through Baghdad? Tigris
65%
Which lake is the largest saltwater lake in the world? Caspian Sea
60%
Which river is the longest in Europe? Volga
60%
What is the oldest lake in the world? Baikal
58%
What is the largest island country in the world by the number of islands? Sweden
58%
What is the oldest continuously inhabited city in North America? Mexico City
46%
In which country is the lowest point on the Earth's surface located? Israel
42%
What is the highest-altitude city in the world (above 4000 m above sea level)? La Rinconada
4%
No matching quizzes found
Score Distribution
Percent of People with Each Score
Percentile by Number Answered
Your Score History
You have not taken this quiz